Statistics for Heart Multiple Choice

Click here to take the quiz!

General Stats

  • This quiz has been taken 91 times
    (48 since last reset)
  • The average score is 5 of 10

Answer Stats

QuestionAnswer% Correct
The average human heart is the size of a ......?Fist
74%
What mammal has the largest heart?Whale
69%
How many hearts does an octopus have?3
62%
How many chambers does the heart of a cow have?4
59%
Who's heart beats faster?Females
54%
What mammal has the fastest heart rate?Pygmy Shrew
51%
What vessel carries blood away from the human heart?Artery
44%
The human heart has 4 chambers. What is the top chamber called?Atria
44%
What mammal has the highest blood pressure?Giraffe
41%
What animal has 4 heart?Hagfish
26%

Score Distribution

Percentile by Number Answered

Percent of People with Each Score

Your Score History

You have not taken this quiz since the last reset